000 00637nam a2200241Ia 4500
001 20704
005 20240114000527.0
007 ta
008 060225s a g b000 u 465 u
040 _aCotton College,Assam
041 _a465
082 _a821.34
_bL 85 H
100 _aLongfellow, .
245 0 _aHyperion, Kavanagh and The Trouveres /
_cLongfellow.
_hTextual Documents
250 _a1st ed. /
260 _aLondon :
_bWalter Scott Publishing ,
_cnd.
300 _a334p. :
_bill ;
_c17cm .
653 _aEnglish Poetry
653 _aG-English
942 _2ddc
_cBK
999 _c20686
_d20686